| 000 | 00581nam a2200193Ia 4500 | ||
|---|---|---|---|
| 008 | 090124s9999 xx 000 0 und d | ||
| 020 | _a81-902612-0-7 | ||
| 082 | _b43339 | ||
| 100 | _aसप्रे मधुवंती | ||
| 245 | _aARJUNI अर्जुनी | ||
| 250 | _a1 | ||
| 260 |
_bप्रतीक प्रकाशन _c2005 |
||
| 300 | _a130 | ||
| 600 | _aसप्रे मधुवंती | ||
| 630 | _aARJUNI अर्जुनी | ||
| 700 | _aसप्रे मधुवंती | ||
| 730 | _aARJUNI अर्जुनी | ||
| 942 | _cBOOK | ||
| 999 |
_c109569 _d109569 |
||